Redox biochemistry (Record no. 1212636)

MARC details
000 -LEADER
fixed length control field 01190nam a2200325Ia 4500
003 - CONTROL NUMBER IDENTIFIER
control field OSt
005 - DATE AND TIME OF LATEST TRANSACTION
control field 20221007123909.0
008 - FIXED-LENGTH DATA ELEMENTS--GENERAL INFORMATION
fixed length control field 221006b |||||||| |||| 00| 0 eng d
020 ## - INTERNATIONAL STANDARD BOOK NUMBER
International Standard Book Number 9780471786245 (hbd)
037 ## - SOURCE OF ACQUISITION
Terms of availability Textual
040 ## - CATALOGING SOURCE
Original cataloging agency CDL
Transcribing agency CDL
Language of cataloging eng
041 ## - LANGUAGE CODE
Source of code eng
Language code of text/sound track or separate title eng
100 ## - MAIN ENTRY--PERSONAL NAME
Personal name Banerjee Ruma
9 (RLIN) 718102
245 #0 - TITLE STATEMENT
Title Redox biochemistry
Remainder of title Becker Donald Dickman Martin Gladyshev Vadim Ragsdale Stephen
260 ## - PUBLICATION, DISTRIBUTION, ETC.
Place of publication, distribution, etc. New
Name of publisher, distributor, etc. Jersey John Wiley & Sons, Inc.
Date of publication, distribution, etc. 2008
300 ## - PHYSICAL DESCRIPTION
Extent xx, 317p
Dimensions cm.
500 ## - GENERAL NOTE
General note Includes bibliographical references.; Index 285-317p.
650 ## - SUBJECT ADDED ENTRY--TOPICAL TERM
Topical term or geographic name entry element Oxidation-reduction reaction-physiological effect
9 (RLIN) 718103
650 ## - SUBJECT ADDED ENTRY--TOPICAL TERM
Topical term or geographic name entry element Chemistry
700 ## - ADDED ENTRY--PERSONAL NAME
Personal name Becker Donald
9 (RLIN) 718104
700 ## - ADDED ENTRY--PERSONAL NAME
Personal name Dickman Martin
9 (RLIN) 718105
700 ## - ADDED ENTRY--PERSONAL NAME
Personal name Gladyshev Vadim
9 (RLIN) 718106
700 ## - ADDED ENTRY--PERSONAL NAME
Personal name Ragsdale Stephen
9 (RLIN) 718107
942 ## - ADDED ENTRY ELEMENTS (KOHA)
Classification part E9G:81, P8 Carc
Koha item type Textual
Source of classification or shelving scheme Colon Classification (CC)
Holdings
Withdrawn status Lost status Source of classification or shelving scheme Damaged status Not for loan Home library Current library Date acquired Source of acquisition Total Checkouts Full call number Barcode Date last seen Price effective from Koha item type
    Colon Classification (CC)     Department of Chemistry Library Department of Chemistry Library 2022-10-07 190, 19/03/2008, Dhanraj Book House   E9G:81 P8 Carc CD0007594 2022-10-07 2022-10-07 Textual
Copyright @ Delhi University Library System